| 000 | 00536nam a22001697a 4500 | ||
|---|---|---|---|
| 008 | 160725b xxu||||| |||| 00| 0 eng d | ||
| 020 | _a0-495-05027-X | ||
| 082 | _aDC 302.2 G51 2007 | ||
| 100 |
_911843 _aKamalipour, Yahya R. _eeditor. |
||
| 245 |
_aGlobal communication/ _cedited by Yahya R. Kamalipour. |
||
| 250 | _aSecond edition. | ||
| 260 |
_aAustralia: _bThomson, _cc2007. |
||
| 300 |
_axxiv, 356 pages; _c24 cm. |
||
| 500 | _aIncludes bibliographical references and index. | ||
| 650 | 0 |
_911846 _aCommunication. |
|
| 942 |
_2ddc _cDC |
||
| 999 |
_c3558 _d3558 |
||